000 00804nam a2200241Ia 4500
003 OSt
005 20220923224551.0
006 a|||||r|||| 00| 0
007 ta
008 220922b |||||||| |||| 00| 0 hin d
024 _a242,693
037 _cTextual
040 _aARTS
_cARTS
_bhin
041 _2hin
_ahin
082 _aY:45:6.2'N, 152M5
100 _aशाह, गिरिराज
245 0 _aअपराध
_b कारण और निवारण
246 _aAparādha: kāraṇ aur nivāraṇa
260 _aवाराणसी
_b विश्वविद्यालय प्रकाशन वाराणसी
_c1985
300 _a168पृ.
_ccm.
942 _hY:45:6.2'N, 152M5
_cTEXL
_2CC
999 _c372252
_d372252